Normal view
MARC view
- Paterson, Maura B.
Entry Personal Name
001 - CONTROL NUMBER
- control field: 125460
003 - CONTROL NUMBER IDENTIFIER
- control field: NUST
005 - DATE AND TIME OF LATEST TRANSACTION
- control field: 20240829084602.0
008 - FIXED-LENGTH DATA ELEMENTS
- fixed length control field: 240829|| aca||aabn | a|a d
040 ## - CATALOGING SOURCE
- Original cataloging agency: NUST
- Transcribing agency: NUST
100 ## - HEADING--PERSONAL NAME
- Personal name: Paterson, Maura B.
670 ## - SOURCE DATA FOUND
- Source citation: Work cat.: (NUST)0: Stinson, Douglas R. (Douglas Robert), 1956- author. 125459, Cryptography :
